000 00458nam a2200157 i 4500
001 90379
003 ES-MaACL
007 t|
008 050120s1984 sp ||||1| spa d
100 1 _aLebrato Fuentes, Francisco
_971030
245 1 0 _aSoleares /
_cFrancisco Lebrato Fuentes.
260 _a[Badajoz :
_bCaja de Ahorros de Badajoz,
_c1984]
300 _a128 p. ;
_c20 cm.
852 _aES-MaACL
_jL-6820
_bR.106880
999 _c90379
_d90379